书目信息 |
| 题名: |
克莱斯勒小提琴曲选
|
|
| 作者: | 克莱斯勒 曲 | |
| 分册: | 第三集 | |
| 出版信息: | NEW YORK CHARLES FOLEY MUSIC PUBLISHER 不祥 |
|
| 页数: | 47页 | |
| 开本: | 28cm | |
| 丛书名: | ||
| 单 册: | ||
| 中图分类: | J657.41 , J657.21 | |
| 科图分类: | ||
| 主题词: | 音乐--各国--作品 , 外国音乐--作品 , 外国音乐--作品 , 外国音乐--作品 | |
| 电子资源: | ||
| ISBN: | ||
| 000 | 00690nam0 2200241 45 | |
| 001 | 0181015887 | |
| 005 | 20070428172327.06 | |
| 010 | @dCNY | |
| 100 | @a20040510d不祥 km y0chiy0120 ea | |
| 101 | 0 | @achi |
| 105 | @a z 000yy | |
| 200 | 1 | @a克莱斯勒小提琴曲选@h第三集@Ake lai si le xiao ti qin qu xuan@f克莱斯勒曲@FKe Lai Si Le Qu |
| 210 | @aNEW YORK@cCHARLES FOLEY MUSIC PUBLISHER@d不祥 | |
| 215 | @a47页@d28cm | |
| 606 | 0 | @a音乐@y各国@x作品 |
| 606 | 0 | @a外国音乐@x作品 |
| 606 | 0 | @a外国音乐@x作品 |
| 606 | 0 | @a外国音乐@x作品 |
| 690 | @aJ657.41@v3 | |
| 690 | @aJ657.21@v3 | |
| 701 | 0 | @a克莱斯勒@4曲 |
| 801 | @aCN@bPftUser@c20070428 | |
| 905 | @dJ657.21@e167:3@f10@b104952-61 | |
| 克莱斯勒小提琴曲选.第三集/克莱斯勒曲.-NEW YORK:CHARLES FOLEY MUSIC PUBLISHER,不祥 |
| 47页;28cm |
| ISBN :CNY |
| ● |
| 相关链接 |
|
|
|
|
正题名:克莱斯勒小提琴曲选
索取号:J657.21/167:3
 
预约/预借
| 序号 | 登录号 | 条形码 | 馆藏地/架位号 | 状态 | 备注 |
| 1 | 0228316 | 001690469 | 第一样本阅览室/ [索取号:J657.21/167:3] | 在馆 |